000 00443nam a2200181Ia 4500
001 11089
005 20260306161920.0
008 260306t1999||||xx |||||||||||||| ||spa||
041 _aESP
082 _aS 985.0016
_bP89
100 _aPuccinelli C., Jorge, 1920 (Comp.)
_eAUT
245 0 _aAntología de Raúl Porras
260 _c1999
300 _a221 páginas :
_c24 cm.
650 _aGEN
654 _aCHU
942 _cLIB
_dJUS
_fJUS
_2ddc
_n
999 _c11089
_d11089